000 00769nam a22002537a 4500
005 20170124110132.0
010 _aA-902642
020 _c50.00
_a8170143322
035 _aA-902642
037 _bCen Lib/Ret
040 _aDPL
_bEN
082 _a640
_bMAL
100 _aMalhan, Surjit
_932445
245 _aYour food and your home /
_cby Surjit Malhan, Sharda Gupta [and] Santosh Passi
260 _aNew Delhi
_bSultan Chand and Sons
270 _bNew Delhi
_a23, dariya ganj
_e110002
300 _a305p.:
_c21m(Hb)
_bill.
500 _aIncludes appendix
650 _aHealth science
_916285
650 _aMeal planning
_z
_932446
700 _aGupta, Sharda
_932447
700 _aPassi, Santosh
_932448
942 _2ddc
_cEN
_h640
_mMAL
999 _c131673
_d131673